Gotham - Statistics

General Stats
  • This quiz has been taken 224 times
  • The average score is 14 of 38
Answer Stats
Hint Answer % Correct
Spoke to the main witness. James Gordon
92%
Investigates his own company. Bruce Wayne
91%
From henchman to kitchen porter to manager to king of Gotham crime world. Oswald Cobblepot
89%
Kills Sal Maroni for calling her babes. Fish Mooney
87%
Butler who knows a few tricks. Alfred Pennyworth
86%
Forensic scientist with a quirky personality and borders insanity. Edward Nygma
83%
Tried to pass this case on to Gotham MCU. Harvey Bullock
77%
Overlooked the murder of Thomas and Martha Wayne. Selina Kyle
75%
Likes his chickens and has a nack for surviving despite his old age. Don Carmine Falcone
66%
Has a clock window in their apartment. Barbara Kean
64%
Laughs in the face of Gordon when found guilty. Jeome Valeska
59%
Jim Gordon's second love interest. Dr Leslie Thompkins
50%
Her dad didn't own any shiny shoes. Ivy Pepper
47%
Starts the gang war at the end of the series. Don Salvatore Maroni
44%
Injected with his father's home made toxin. Jonathon crane
42%
Suffered confusion and shot both Penguin and Fish. Butch Gilzean
36%
Subtly tells Bruce his father wasn't happy with the illegal actions of the company. Lucius Fox
35%
Many people took this alias from the same group of robbers, after they killed the previous. Red Hood
33%
Can empty the GCPD in seconds and likes to tame peple via torture. Victor Zsasz
33%
Abducts people and kids, lives on an island to do experiments. Dr. Francis Dulmacher
31%
Suffers from constant admiration from her creepy colleague and seems to solve the odd riddle he leaves. Kristen Kringle
29%
Toxin which when inhaled causes super strength but extreme calcium decay. Viper
27%
Tough but motherly high ranking officer in the GCPD. Captain Sarah Essen
24%
Serial killer known for killing any investigating officers family members. Jason Lennon
23%
Helps Gordon with the Wayne murders. Harvey Dent
22%
Owns a company were employees have to survive an arena to work there. Richard Sionis
20%
Surgically removed the adrenal gland from his victims. Dr Gerald Crane
15%
Head of GCPD and likes to cover the crimes he wants. Comissioner Loeb
13%
Bullied Bruce until Bruce punched him in the face. Thomas Elliot
11%
Identity taken on by victims of psychotherapist Dr. Marks. Spirit of the Goat
10%
Puts disposing of the weapon to new 'heights'. Davis Lamond
8%
Despite being released, Gordon had the whole department behind to arrest this guy. Arnold Flass
7%
Committed some shocking experiments in the Assylum. Jack Buchinsky
7%
Stabs Alfred to cover his tracks. Reginald Payne
5%
Male who married someone from the other family of the circus. John Grayson
4%
His bride Mary Lloyd
3%
Used as blackmail by Jim Gordon. Miriam Loeb
1%
Sends assassins to deal with the witness of the Wayne's murders. Dick Lovercroft
0%
No matching quizzes found
Score Distribution
Percent of People with Each Score
Percentile by Number Answered
Your Score History
You have not taken this quiz